ბათუმის შოთა რუსთაველის სახელმწიფო უნივერსიტეტის ბიბლიოთეკა

ფიზიკური ქიმიის მოკლე კურსი : სახელმძღვ. / (ბიბ.ჩანაწერი № 37529)

000 -ლიდერი
ფიქსირებული სიგრძის საკონტროლო ველი 01029nam a2200229Ia 4500
001 - საკონტროლო ნომერი
საკონტროლო ველი 3493
003 - საკონტროლო ნომრის იდენტიფიკატორი
საკონტროლო ველი GE_BSU
005 - ბოლო ოპერაციის თარიღი და დრო
საკონტროლო ველი 20190528191348.0
008 - ფიქსირებული სიგრძის მონაცემთა ელემენტები - ზოგადი ინფორმაცია
ფიქსირებული სიგრძის საკონტროლო ველი 181216s1965|||| |||||||||||||| ||geo||
040 ## - კატალოგიზაციის წყარო
Transcribing agency GE_BSU
041 ## - ენის კოდი
Language code of text/sound track or separate title geo
080 ## - უნივერსალური ათობითი კლასიფიკაციის ინდექსი
Universal Decimal Classification number 544(075.8) კ-19
100 ## - მთავარი ჩანაწერი - პიროვნების სახელი
Personal name კირეევი, ვ. ა.
9 (RLIN) 1769
245 ## - ცნობა სათაურის შესახებ
Title ფიზიკური ქიმიის მოკლე კურსი : სახელმძღვ. /
Statement of responsibility, etc ვ.ა. კირეევი ; რედ : ბ.კანდელაკი ; მთარგმ : ო. მოდებაძე.
264 ## - წარმოების, გამოცემის, დისტრიბუციის და სხვა ცნობები
გამოცემის, წარმოების, დისტრიბუციის... ადგილი თბილისი :
გამოცემის, წარმოების, დისტრიბუციის... სახელწოდება განათლება,
გამოცემის, წარმოების, დისტრიბუციის... თარიღი 1965.
300 ## - ფიზიკური აღწერა
Extent 737 გვ .:
Dimensions 22 სმ.
653 ## - INDEX TERM--UNCONTROLLED
Uncontrolled term ფიზიკური ქიმია
653 ## - INDEX TERM--UNCONTROLLED
Uncontrolled term ფიზიკური ქიმიის მოკლე კურსი
700 ## - ADDED ENTRY--PERSONAL NAME
Personal name კანდელაკი, ბ
Relator term რედაქტორი
9 (RLIN) 1770
700 ## - ADDED ENTRY--PERSONAL NAME
Personal name მოდებაძე, ო
Relator term მთარგმნელი
9 (RLIN) 1771
942 ## - ADDED ENTRY ELEMENTS (KOHA)
Koha item type წიგნი
Source of classification or shelving scheme
ეგზემპლარები
ჩამოწერის სტატუსი დაკარგული ეგზემპლარის სტატუსი კლასიფიკაციის წყარო ან თაროზე გაწყობის სქემა დაზიანების სტატუსი არ გაიცემა მუდმივი მდებარეობა (დაცვის ადგილი) ამჟამინდელი ადგილსამყოფელი თაროზე განთავსების ადგილი შეძენის თარიღი ღირებულება, შესყიდვის ნორმალური ფასი სრული შენახვის შიფრი შტრიხკოდი ბოლო ოპერაციის თარიღი ეგზემპლარის მიმდევრობითი ნომერი (კეტერი?) ფასის ძალაში შესვლის თარიღი ეგზემპლარის სახეობა საჯარო შენიშვნა
          ტექნოლოგიური ფაკულტეტის ბიბლიოთეკა ტექნოლოგიური ფაკულტეტის ბიბლიოთეკა წიგნსაცავი 2018-12-17 3.00 544(075.8) კ-19 9686 2018-12-17 9686 2018-12-17 წიგნი 3 ლ. 54 თ.
          ტექნოლოგიური ფაკულტეტის ბიბლიოთეკა ტექნოლოგიური ფაკულტეტის ბიბლიოთეკა წიგნსაცავი 2018-12-17   544(075.8) კ-19 9687 2018-12-17 9687 2018-12-17 წიგნი 3 ლ. 54 თ.